000 00947nam a2200265 i 4500
001 bg
100 1 _aBERCOFF, Maurice A.
245 1 0 _aNegocjacje :
_bHarwardzki Projekt Negocjacyjny w 10 pytaniach /
_cMaurice A. Bercoff ; tł. Halina Mirecka.
246 _iTyt. oryg.:
_aL'art de négocier. L'approche Harvard en 10 questions
260 _aWarszawa :
_bPolskie Wydawnictwo Ekonomiczne,
_c2007.
300 _a119, [1] s. ;
_c21 cm.
500 _aTyt. oryg.: "L'art de négocier. L'approche Harvard en 10 questions".
504 _aBibliogr.
650 9 _aNegocjacje
655 _aPodręczniki
700 1 _aMIRECKA, Halina.
_eTł.
020 _a9788320817003
040 _cBPK
041 1 _apol
_hfre
080 _a005.574:316.47](07)
920 _a978-83-208-1700-3
942 _cKS
008 s pl f |000 0 pol
999 _c53453
_d53453